00450nam a2200169Ia 4500003000900000008004100009040001600050080001700066100002000083245004800103250001200151260005400163300001000217650001100227650001900238700002300257IN-BaIIA211028s9999 xx 000 0 eng d cIIA Library a12:56.0bSTE aStever, Guyford 0aFlightcGuyford Stever and James J Haggerty a2nd ed. aHong Kong, Time Life BooksbTime-Life Booksc1985 a200p. aFlight aNASA Thesaurus aHaggerty, James J.